| 000 | 00490nam a2200157Ia 4500 | ||
|---|---|---|---|
| 008 | 170221s9999 xx 000 0 und d | ||
| 100 | _aPradeep Tewari. | ||
| 245 | _aOnline Newspapers Providing Credible Information: A Survey of Indian Online News Readers | ||
| 245 | _cPradeep Tewari. | ||
| 260 | _bOnline Journal of Communication and Media Technologies | ||
| 260 | _c2015 | ||
| 300 | _a35 : 3 | ||
| 650 | _xCommunication | ||
| 650 | _xMedia Arts | ||
| 856 | _uhttp://www.ojcmt.net/ | ||
| 999 |
_c310656 _d310656 |
||